Seis lecciones de dibujo

Spremljeno u:
Bibliografski detalji
Glavni autor: Kentridge, William (Autor)
Format: Knjiga
Jezik:španjolski
Izdano: Buenos Aires El Hilo de Ariadna 2018
Izdanje:1a. ed
Serija:Colección Ensayos
Teme:
Oznake: Dodaj oznaku
Bez oznaka, Budi prvi tko označuje ovaj zapis!

MARC

LEADER 00000cam a2200000 a 4500
001 UCC9958
003 CL-VaPUC
005 20210826074541.0
008 191129e20180000ag spa d
999 |c 327951  |d 327949 
020 |a 9789873761362 
040 |c Pontificia Universidad Católica de Valparaíso 
082 0 4 |a 701  |b KEN  |2 21 
100 1 |a Kentridge, William  |e author  |9 485636 
245 1 0 |a Seis lecciones de dibujo 
250 |a 1a. ed 
260 |a Buenos Aires  |b El Hilo de Ariadna  |c 2018 
300 |a 272 p 
490 0 |a Colección Ensayos 
583 |a last modification  |c 20191129 11:37:00  |k cmena 
650 0 0 |a Arte contemporáneo  |9 338008 
650 0 0 |a Estética   |9 264950 
852 |a BIBCUR 
942 |c BK  |2 ddc 
945 |a dcastane  |d 20191129 11:37:00 
952 |0 0  |1 0  |2 ddc  |3 erb  |4 0  |6 701_000000000000000_KEN_2018  |7 0  |8 R  |9 495564  |a BIBART  |b BIBART  |d 2019-11-22  |e 4  |g 22000.00  |i 5566231  |l 2  |o 701 KEN 2018  |p 5566231  |r 2025-03-13  |s 2024-05-09  |t 1  |w 2020-01-06  |y BK_R  |z Catalogado en:20191129  |k ART